|
|
|
|
| LEADER |
00000nam#a22000001a#4500 |
| 001 |
00016542 |
| 003 |
AR-BaUAD |
| 005 |
20230908141619.0 |
| 008 |
951214s1956####xxu||||##||||||||#||eng|d |
| 040 |
|
|
|a AR-BaUAD
|b spa
|c AR-BaUAD
|
| 041 |
|
|
|a eng
|
| 044 |
|
|
|c us
|2 ISO3166-1
|
| 100 |
1 |
|
|a Aronovici, Carol
|
| 245 |
1 |
0 |
|a Community building :
|b science, technique, art
|
| 250 |
|
|
|a 1st. ed
|
| 260 |
|
|
|a Garden City, New York :
|b Doubleday,
|c 1956
|
| 300 |
|
|
|a 354 p.
|
| 653 |
|
|
|a EDIFICIOS
|
| 653 |
|
|
|a CIENCIA
|
| 653 |
|
|
|a TECNICA
|
| 653 |
|
|
|a ARTE
|
| 653 |
|
|
|a NUEVA YORK
|
| 653 |
|
|
|a ESTADOS UNIDOS
|
| 655 |
|
|
|a TEXTO
|
| 852 |
|
|
|c 108-3
|
| 952 |
|
|
|0 0
|1 0
|4 0
|6 1083
|7 0
|9 29884
|a AR-BaUAD
|b AR-BaUAD
|d 0000-00-00
|e donac. Migone
|g 251000.00
|i 16542
|l 0
|o 108-3
|p xd5p316542
|r 2023-09-08 14:16:19
|w 2023-09-08
|y BK
|
| 990 |
|
|
|a Ej. No1 : 16542 . 23/6/1982 -- donac. Migone -- (251000 pesos).
|b ADM
|
| 990 |
|
|
|a AQ195
|b TD
|
| 990 |
|
|
|a AAQ00016542
|b CC
|
| 998 |
|
|
|a AAQ
|b Bibun 76
|
| 942 |
|
|
|c BK
|
| 999 |
|
|
|c 13862
|d 13862
|